Dictionary of drying
This book integrates terminology from the many industries utilizing drying processes - food, agriculture, forestry, mineral, and chemical - and consolidates them into one, quick reference source. It contains more than 4000 terms with encyclopedic definitions. The book provides consistently useful in...
Guardat en:
| Autor principal: | |
|---|---|
| Format: | Llibre |
| Idioma: | Undetermined |
| Publicat: |
New York
Marcel Dekker
1979
|
| Matèries: | |
| Etiquetes: |
Afegir etiqueta
Sense etiquetes, Sigues el primer a etiquetar aquest registre!
|
| Thư viện lưu trữ: | Trung tâm Học liệu Trường Đại học Cần Thơ |
|---|
| LEADER | 00918nam a2200205Ia 4500 | ||
|---|---|---|---|
| 001 | CTU_19397 | ||
| 008 | 210402s9999 xx 000 0 und d | ||
| 082 | |a 660.28426 | ||
| 082 | |b H174 | ||
| 100 | |a Hall, Carl W. | ||
| 245 | 0 | |a Dictionary of drying | |
| 245 | 0 | |c Carl W Hall | |
| 260 | |a New York | ||
| 260 | |b Marcel Dekker | ||
| 260 | |c 1979 | ||
| 520 | |a This book integrates terminology from the many industries utilizing drying processes - food, agriculture, forestry, mineral, and chemical - and consolidates them into one, quick reference source. It contains more than 4000 terms with encyclopedic definitions. The book provides consistently useful information to the concsultant, manufacturer, and engineer on selection, operation, and maintenance of any drying process | ||
| 650 | |a Drying | ||
| 650 | |x Dictionaries | ||
| 904 | |i Minh, Năm | ||
| 980 | |a Trung tâm Học liệu Trường Đại học Cần Thơ | ||